|
|
|
|
| LEADER |
00000nab a2200000 a 4500 |
| 001 |
vtls000914891 |
| 003 |
SK-MaSNL |
| 005 |
20260303234436.0 |
| 008 |
040720e19921030xo 0 slo |
| 035 |
|
|
|a KE23781
|
| 040 |
|
|
|a KEVKJB
|b slo
|c KEVKJB
|e AACR2
|
| 041 |
0 |
|
|a slo
|
| 044 |
|
|
|a xo
|c SK
|
| 080 |
|
|
|a 069.02
|2 1981
|
| 080 |
|
|
|a 62
|2 1981
|
| 080 |
|
|
|a 739.4
|2 1981
|
| 100 |
0 |
|
|a kx
|4 aut
|9 880447
|
| 245 |
1 |
0 |
|a Úžitok i krása
|
| 610 |
2 |
7 |
|a Slovenské technické múzeum
|2 KEVKJB
|9 29556
|
| 610 |
2 |
7 |
|a STM
|2 KEVKJB
|9 1271900
|
| 650 |
0 |
7 |
|a Kováčstvo a zámočníctvo
|2 KEVKJB
|9 1272083
|
| 650 |
0 |
7 |
|a výstavy
|2 KEVKJB
|9 2780
|
| 651 |
|
7 |
|a Košice (Slovensko)
|2 KEVKJB
|9 18694
|
| 651 |
|
7 |
|a KE,
|2 KEVKJB
|9 877256
|
| 655 |
|
7 |
|a periodikum
|2 snkbucl
|9 29553
|
| 710 |
2 |
|
|a Slovenské technické múzeum
|4 aut
|9 29556
|
| 773 |
0 |
8 |
|t Košický večer
|g Roč. 3
|g Roč. 28, č.213, 30.10.1992, s. 1
|
| 852 |
|
|
|a ZVYKNI
|b KIS3GCP
|
| 999 |
|
|
|c 2520813
|d 2522743
|